000 00421nam a2200157 4500
001 26708
005 20230411085953.0
008 060907n2000 dr spa
020 _a1929049048
035 _9funglode26910
041 _aEN
245 0 _aPortraits of the president :
_bpower and personality in the oval office
260 _aNew York :
_bTime Inc.,
_c2000
300 _avi, 186 p
942 _2lcc
_cbk
999 _c110228
_d110228